ბათუმის შოთა რუსთაველის სახელმწიფო უნივერსიტეტის ბიბლიოთეკა

პროდუქციის წარმოებისა და ექსპორტის განვითარების ძირითადი მიმართულებები აჭარის ავტონომიური რესპუბლიკის აგრარულ სექტორში / (ბიბ.ჩანაწერი № 54352)

000 -ლიდერი
ფიქსირებული სიგრძის საკონტროლო ველი 02244nam a2200265Ia 4500
001 - საკონტროლო ნომერი
საკონტროლო ველი 21408
003 - საკონტროლო ნომრის იდენტიფიკატორი
საკონტროლო ველი GE_BSU
005 - ბოლო ოპერაციის თარიღი და დრო
საკონტროლო ველი 20210329155214.0
008 - ფიქსირებული სიგრძის მონაცემთა ელემენტები - ზოგადი ინფორმაცია
ფიქსირებული სიგრძის საკონტროლო ველი 181216s2017||||ge |||||||||||||| ||geo||
040 ## - კატალოგიზაციის წყარო
Transcribing agency GE_BSU
041 ## - ენის კოდი
Language code of text/sound track or separate title geo
080 ## - უნივერსალური ათობითი კლასიფიკაციის ინდექსი
Universal Decimal Classification number 33 თ-97
100 ## - მთავარი ჩანაწერი - პიროვნების სახელი
Personal name თხილაიშვილი, გულადი
9 (RLIN) 10795
245 ## - ცნობა სათაურის შესახებ
Title პროდუქციის წარმოებისა და ექსპორტის განვითარების ძირითადი მიმართულებები აჭარის ავტონომიური რესპუბლიკის აგრარულ სექტორში /
Statement of responsibility, etc გულადი თხილაიშვილი; სამეცნ. ხელმძღვანელი დავით ქათამაძე, რეზო ჯაბნიძე; ბათუმის შოთა რუსთაველის სახ-ფო უნ-ტი. ეკონომიკისა და ბიზნესის ფაკულტეტი ეკონომიკის დეპარტამენტი.
264 ## - წარმოების, გამოცემის, დისტრიბუციის და სხვა ცნობები
გამოცემის, წარმოების, დისტრიბუციის... ადგილი ბათუმი,
გამოცემის, წარმოების, დისტრიბუციის... თარიღი 2017.
300 ## - ფიზიკური აღწერა
Extent 187 გვ. ;
Other physical details 30 სმ.
300 ## - ფიზიკური აღწერა
Accompanying material ბიბლ.გვ.162-187
653 ## - INDEX TERM--UNCONTROLLED
Uncontrolled term დისერტაცია
653 ## - INDEX TERM--UNCONTROLLED
Uncontrolled term ეკონომიკა
653 ## - INDEX TERM--UNCONTROLLED
Uncontrolled term პროდუქციის წარმოებისა და და ექსპორტის განვითარების ძირითადი მიმართულებები აჭარის ავტონომიური რესპუბლიკის აგრარულ სექტორში
700 ## - ADDED ENTRY--PERSONAL NAME
Personal name ქათამაძე დავით
Relator term სამეცნ. ხელმძღვანელი
9 (RLIN) 2027
700 ## - ADDED ENTRY--PERSONAL NAME
Personal name ჯაბნიძე, რეზო
Relator term სამეცნ. ხელმძღვანელი
9 (RLIN) 2484
710 ## - ADDED ENTRY--CORPORATE NAME
Corporate name or jurisdiction name as entry element ბათუმის შოთა რუსთაველის სახ-ფო უნ-ტი
Subordinate unit ეკონომიკისა და ბიზნესის ფაკულტეტი ეკონომიკის დეპარტამენტი
9 (RLIN) 10796
942 ## - ADDED ENTRY ELEMENTS (KOHA)
Koha item type წიგნი
Source of classification or shelving scheme
ეგზემპლარები
ჩამოწერის სტატუსი დაკარგული ეგზემპლარის სტატუსი კლასიფიკაციის წყარო ან თაროზე გაწყობის სქემა დაზიანების სტატუსი არ გაიცემა მუდმივი მდებარეობა (დაცვის ადგილი) ამჟამინდელი ადგილსამყოფელი თაროზე განთავსების ადგილი შეძენის თარიღი სრული შენახვის შიფრი შტრიხკოდი ბოლო ოპერაციის თარიღი ეგზემპლარის მიმდევრობითი ნომერი (კეტერი?) ფასის ძალაში შესვლის თარიღი ეგზემპლარის სახეობა საჯარო შენიშვნა
          ბათუმის შოთა რუსთაველის სახელმწიფო უნივერსიტეტის მთავარი ბიბლიოთეკა ბათუმის შოთა რუსთაველის სახელმწიფო უნივერსიტეტის მთავარი ბიბლიოთეკა წიგნსაცავი 2018-12-17 33 თ-97 288 დისერტ. 2018-12-17 288 2018-12-17 დისერტაცია